000 01632cam a2200397 a 4500
003 CHAP
005 20220817043619.0
008 000208d cr ab r 00010 spa d
010 _a79806
011 _a80778
020 _a9290393718
035 _a91232
040 _cCHAP
082 0 4 _a630.72
_bG6
100 0 0 _aGonzález, José.
_949531
245 1 0 _aEvaluación económico-ecológica de temas de investigación agropecuaria en los paises andinos
_c/por José González (y otros)
260 _aSan José, C. R. :
_bInstituto Interamericano de Cooperación para la Agricultura,
_c1998.
300 _a164 p. :
_bilus. ; gráfs., mapas
410 _aInstituto Interamericano de Cooperación para la Agricultura
490 0 _aPriorización de la investigación agropecuaria en America Latina y el Caribe
_v; 5
590 _aBATCH-UPD
_b10
_c20130110
_lUCH01
_h0318
590 _aBATCH-UPD
_b10
_c20130110
_lUCH01
_h1926
590 _aBATCH-UPD
_b10
_c20130409
_lUCH01
_h2351
590 _aBATCH-UPD
_b10
_c20130914
_lUCH01
_h1548
590 _aBATCH-UPD
_b10
_c20140805
_lUCH01
_h1147
590 _aCONVERSION
_b10
_c20130109
_lUCH01
_h1344
650 1 4 _aAgricultura
_xAspectos económicos.
650 1 4 _aAgricultura
_xInnovaciones tecnológicas.
_91565
650 1 4 _aAgricultura
_xInvestigación.
_91577
810 _aInstituto Interamericano de Cooperación para la Agricultura
830 0 0 _aPriorización de la investigación agropecuaria en America Latina y el Caribe
_v; 5
_991667
901 _aBK
905 _aBlanca M. García O.
942 _cLIBRO
949 _a630.72 G6
_bBC
_cLIBRO
_d33724000740320
_eLIBRO
_h96850
_i91232
_sb
999 _c79806
_d79806